{"text_format":"3","workbook":"xlsx","n_sheets":4,"sheets":["Pakiet all","Pakiet 1","Pakiet 2","Pakiet 3"],"not_rendered":{"defined_names":12},"read":"whole","date_system":"1900"}

{"sheet":"Pakiet all","index":0,"n_rows":104,"n_cols":11,"rows_kept":104,"merged":[[0,0,0,10],[1,0,1,10],[98,0,98,5],[100,0,100,8]]}
["Załącznik nr 1 - Formularz cenowy"]
["Nazwa i nr sprawy: artykułu biurowe (syntetyczny)"]
["Lp.","OPIS PRZEDMIOTU ZAMÓWIENIA","Nr nadany przez Zamawiającego","Jednostka miary","Ilość wg jednostki miary","Cena jedn. netto wg jednostki miary","Wartość netto","Stawka podatku VAT %","Wartość brutto ","Nazwa handlowa lub numer katalogowy                PODAJE WYKONAWCA","Nazwa producenta lub dla kogo wypodukowano PODAJE WYKONAWCA"]
[1,"Blok notatnikowy A4/100k kratka, klejony lub szyty po krótkim boku,  okładka tylna z tektury, okładka przednia miękka, gramatura kartek min. 60g/m2","09-BLOK-001","szt.",50,null,null,23,{"$f":"ROUND(G4*H4/100,2)+G4","v":{"v":0,"d":"0.00"}}]
[2,"Cienkopis  linia pisania o grubości 0,4 mm (+/-0,05 mm), ergonomiczny sześciokątny kształt, odporny na wysychanie, kolory tuszu:  czarny","09-CIEN-003","szt.",120,null,null,23,{"$f":"ROUND(G5*H5/100,2)+G5","v":{"v":0,"d":"0.00"}}]
[3,"Cienkopis  linia pisania o grubości 0,4 mm (+/-0,05 mm), ergonomiczny sześciokątny kształt, odporny na wysychanie, kolory tuszu:  czerwony","09-CIEN-004","szt.",120,null,null,23,{"v":0,"d":"0.00"}]
[4,"Cienkopis  linia pisania o grubości 0,4 mm (+/-0,05 mm), ergonomiczny sześciokątny kształt, odporny na wysychanie, kolory tuszu:  zielony","09-CIEN-006","szt.",120,null,null,23,{"v":0,"d":"0.00"}]
[5,"Cienkopis  linia pisania o grubości 0,4 mm (+/-0,05 mm), ergonomiczny sześciokątny kształt, odporny na wysychanie, kolory tuszu:  niebieski","09-CIEN-005","szt.",500,null,null,23,{"v":0,"d":"0.00"}]
[6,"Datownik samotuszujący, wysokość liter/cyfr - 4 mm (+1 mm), wersja polska, data: dd-mm-rrrr","09-DATO-001","szt.",20,null,null,23,{"v":0,"d":"0.00"}]
[7,"Deska /podkładka z PVC, format A4, sztywna podkładka do pisania ze sprężystym mechanizmem zaciskowym służącym do przytrzymywania papieru, rózne kolory","09-PODKL-001","szt.",200,null,null,23,{"v":0,"d":"0.00"}]
[8,"Długopis ze skuwką,/nasadką  metalową końcówką długopisu,  z wymiennym wkładem niebieski","09-DLUG-001","szt.",3000,null,null,23,{"v":0,"d":"0.00"}]
[9,"Długopis ze skuwką,/nasadką  metalową końcówką długopisu,  z wymiennym wkładem czerwony","09-DLUG-003","szt.",200,null,null,23,{"v":0,"d":"0.00"}]
[10,"Długopis ze skuwką,/nasadką  metalową końcówką długopisu,  z wymiennym wkładem zielony","09-DLUG-007","szt.",200,{"$nulls":3},{"v":0,"d":"0.00"}]
[11,"Długopis ze skuwką,/nasadką  metalową końcówką długopisu,  z wymiennym wkładem czarny","09-DLUG-006","szt.",150,null,null,23,{"v":0,"d":"0.00"}]
[12,"Dziennik korespondencyjny format A4, twarda oprawa, szyty, 96 kartek, gramatura papieru min. 60 g/m2","14-KSIĄŻ-011","szt.",20,null,null,23,{"v":0,"d":"0.00"}]
[13,"Dziurkacz (dziurkuje do 40 kartek), metalowa obudowa, metalowy mechanizm, ogranicznik formatu min: A4/A5, (2 lata gwarancji)","09-DZIUR-001","szt.",50,null,null,23,{"v":0,"d":"0.00"}]
[14,"Dziurkacz metalowy archiwizacyjny (dziurkuje do 100 kartek), podstawa i dźwignia metalowa, blokada położenia dźwigni, listwa formatowa, ogranicznik formatu min: A4/A5, (2 lata gwarancji) ","09-DZIU-002","szt.",15,null,null,23,{"v":0,"d":"0.00"}]
[15,"Folia do laminowania A3  303 x 426 mm (±1 mm), o grubości 75-80 micronów,  antystatyczna (op. - 100 szt.)","09-FOLI-005","opakowanie",10,null,null,23,{"v":0,"d":"0.00"}]
[16,"Folia do laminowania A4 216 x 303 mm (±1 mm), o grubości 75-80 micronów,  antystatyczna (op. - 100 szt.)","09-FOLI-001","opakowanie",50,null,null,23,{"v":0,"d":"0.00"}]
[17,"Foliopis permanentny do pisania po folii, papierze fotograficznym, szkle, CD/DVD, grubość linii pisania 0,4-1 mm (wg potrzeb), 4 kolory pisania: niebieski, czarny, zielony, czerwony- wg potrzeb","09-FOLI-010","szt.",500,null,null,23,{"v":0,"d":"0.00"}]
[18,"Gazetownik plastikowy, wymiary: 70(85)x315x240(245)mm, różne kolory ","09-GAZE-001","szt.",40,null,null,23,{"v":0,"d":"0.00"}]
[19,"Gąbka do tablicy suchościeralnej magnetyczna 90 x 60 x 20 mm,  +/-  20 mm","09-GABK-001","szt.",30,null,null,23,{"v":0,"d":"0.00"}]
[20,"Gumka do ścierania o wymiarach nie mniejszych niż 40x20x10 mm, miękka, nie niszczy ścieranej powierzchni.","09-GUMK-001","szt.",100,null,null,23,{"v":0,"d":"0.00"}]
[21,"Kalkulator - dodawanie, odejmowanie, mnożenie, dzielenie, obliczanie pierwiastków, procentów,  klawisz zmiany znaków, dodawanie liczby do pamięci. Duże przyciski numeryczne . Wyświetlacz: min. 10-cyfrowy, biały (szary) z czarnymi cyframi.  Podwójne zasilanie: solar i bateria. Wielkość kalkulatora maksymalnie 150 x 130 mm.","09-KALKU-001","szt.",20,null,null,23,{"v":0,"d":"0.00"}]
[22,"Klej biurowy w sztyfcie min. 20 g, do papieru, tektury, fotografii, tekstyliów, bez rozpuszczalników","09-KLEJ-001","szt.",120,null,null,23,{"v":0,"d":"0.00"}]
[23,"Klipy biurowe 32 mm o wysokiej trwałości, galwanizowane, kolor czarny, (op.-12szt.)","09-KLIP-002","opakowanie",100,null,null,23,{"v":0,"d":"0.00"}]
[24,"Klipy biurowe 50-51mm o wysokiej trwałości, galwanizowane, kolor czarny, (op.-12szt.)","09-KLIP-001","opakowanie",50,null,null,23,{"v":0,"d":"0.00"}]
[25,"Koperta B5 szare/brązowe, wymiary 176x250mm, samoklejąca, gramatura min. 90g/m2  (opakowanie - 500 szt.)","09-KOPE-022","opakowanie",100,null,null,23,{"v":0,"d":"0.00"}]
[26,"Koperta bąbelkowa/air, wymiary wewnętrzne. min.180x260 mm (±2) / zewnętrzne max. 200 x 275 mm (±2), gramatura min. 80g/m2,  samoklejąca","09-KOPE-015","szt.",700,null,null,23,{"v":0,"d":"0.00"}]
[27,"Koperta bąbelkowa/air, wymiary wewnętrzne. min.270x360 mm (±2) / zewnętrzne max. 290 x 370 mm (±2), gramatura min. 80g/m2,  samoklejąca","09-KOPE016","szt.",400,null,null,23,{"v":0,"d":"0.00"}]
[28,"Koperta C4 szare/brązowe, wymiary: 229x324mm (±2 mm), samoklejąca, gramatura min. 90g/m2 (opakowanie - 250 szt.)","09-KOPE-028","opakowanie",30,null,null,23,{"v":0,"d":"0.00"}]
[29,"Koperta C6  białe, wymiary 114x162mm (±2 mm), samoklejąca, gramatura min. 75g/m2,  (opakowanie - 1000 szt.)","09-KOPE-026","opakowanie",12,null,null,23,{"v":0,"d":"0.00"}]
[30,"Koperta C4 z szerokim grzbietem szara/brązowa C4 RBD HK 229x324x40 mm  (± 3 mm), samoklejąca, gramatura min. 130g/m2","09-KOPE-016","szt.",3800,null,null,23,{"v":0,"d":"0.00"}]
[31,"Koperty B4 białe, wymiary 250x353mm (±2 mm), samoklejące, gramatura 100g/m2    (opakowanie - 250 szt.)","09-KOPE-021","opakowanie",20,null,null,23,{"v":0,"d":"0.00"}]
[32,"Korektor taśmowy jednorazowy, szer.5 mm (±1 mm), długość nie mniej niż 8 m ","09-KORE-002","szt.",250,null,null,23,{"v":0,"d":"0.00"}]
[33,"Korektor typu \"pędzelek\" poj. 20 ml (±5 ml) z  pędzelkiem, bez rozpuszczalników, szybkoschnący","09-KORE-003","szt.",80,null,null,23,{"v":0,"d":"0.00"}]
[34,"Korektor typu \"pisak\" poj. 7 ml (±2 ml)","09-KORE-004","szt.",100,null,null,23,{"v":0,"d":"0.00"}]
[35,"Koszulka A4 z klapką wzdłuż dłuższego boku, krystaliczna folia PVC o grubości min. 100 mikronów, na dużą ilość dokumentów w formacie A4, klapka umożliwia wkładanie i wyjmowanie dokumentów, dodatkowo zabezpiecza przechowywane dokumenty; antystatyczna, wzmocniony pasek z uniwersalną perforacją; (1 opakowanie = 10 szt.)","09-KOSZ-003","opakowanie",10,null,null,23,{"v":0,"d":"0.00"}]
[36,"Koszulki foliowe A4, gładkie krystaliczne, grubość min. 55µm, standard (op. - 100 sztuk)","09-KOSZ_001","opakowanie",800,null,null,23,{"v":0,"d":"0.00"}]
[37,"Koszulki foliowe A5, gładkie krystalicze, grubość min. 55µm, standard (op. - 100 sztuk)","09-KOSZ003","opakowanie",10,null,null,23,{"v":0,"d":"0.00"}]
[38,"Linijka 30 cm, plastikowa, przezroczysta, bezbarwna.","09-LINI-001","szt.",80,null,null,23,{"v":0,"d":"0.00"}]
[39,"Magnesy do tablicy,  okragłe o średnicy 20-30 mm, mix kolorów, opakowanie -10 szt.","09-MAGN-001","opakowanie",50,null,null,23,{"v":0,"d":"0.00"}]
[40,"Marker do tablicy suchościeralnej, okrągła końcówka, grubość linii pisania 1-3 mm, długość linii pisania co najmniej 1000 m, nie pozostawia śladów na tablicy po starciu, mix kolorów","09-PISA-004","szt.",150,null,null,23,{"v":0,"d":"0.00"}]
[41,"Marker olejny. Tusz olejowy do znakowania wszystkich powierzchni szorstkich i gładkich, wodoodporny, nie traci koloru, odporny na ścieranie, różne kolory, okrągła końcówka, grubość linii pisania 2-2.8 mm.","09-MARK-001","szt.",80,null,null,23,{"v":0,"d":"0.00"}]
[42,"Marker wodoodporny, czarny ze ściętą końcówką,  grubość linii pisania 1-5 mm","09-MARK-003","szt.",3000,null,null,23,{"v":0,"d":"0.00"}]
[43,"Marker wodoodporny, czerwony ze ściętą końcówką, grubość linii pisania 1-5 mm","09-MARK-006","szt.",500,null,null,23,{"v":0,"d":"0.00"}]
[44,"Marker wodoodporny, czarny z końcówką okrągłą, grubość linii pisania 1-3 mm","09-MARK-005","szt.",500,null,null,23,{"v":0,"d":"0.00"}]
[45,"Marker  wodoodporny do tkanin, czarny, grubość linii pisania 2 mm","09-MARK-004   ","szt.",30,null,null,23,{"v":0,"d":"0.00"}]
[46,"Notes samoprzylepny kolorowy o wymiarach 50 x 50 mm (±5 mm), nie mniej niż 250 kartek","09-NOTE-001","szt.",300,null,null,23,{"v":0,"d":"0.00"}]
[47,"Nożyczki biurowe 16 cm (±1 cm) wykonane z nierdzewnej stali, uchwyt z tworzywa sztucznego odpornego na peknięcia","09-NOZY-003","szt.",120,null,null,23,{"v":0,"d":"0.00"}]
[48,"Nożyczki biurowe 21 cm (±1 cm) wykonane z nierdzewnej stali, uchwyt z tworzywa sztucznego odpornego na peknięcia","09-NOZY-002","szt.",60,null,null,23,{"v":0,"d":"0.00"}]
[49,"Obwoluta sztywna A4 (ofertówka);  przód i tył koszulki wykonany z mocnej folii PVC, krystalicznie przezroczystej o grubości min. 150 mikronów. Zgrzew w kształcie litery \"L\" bez wpięcia; przeznaczona na dokumenty formatu A4","09-OBWO-001","szt.",400,null,null,23,{"v":0,"d":"0.00"}]
[50,"Okładka do bindowania, foliowa przeźroczysta A4 (op.- 100 szt.)","09-OKŁA-001","opakowanie",5,null,null,23,{"v":0,"d":"0.00"}]
[51,"Okładka do bindowania, kartonowa, kolor: niebieski, rozm. A4, gramatura min 250g/m2 (op. - 100 szt.)","09-OKŁA-002  ","opakowanie",8,null,null,23,{"v":0,"d":"0.00"}]
[52,"Ołówki  HB  z gumką, dł.17,5 cm (±1 cm)","09-OLOW-001","szt.",700,null,null,23,{"v":0,"d":"0.00"}]
[53,"Pinezki biurowe tablicowe, kolorowe, w formie beczułki, do tablic korkowych (op.-min. 50 szt.)","09-PINE-001","opakowanie",20,null,null,23,{"v":0,"d":"0.00"}]
[54,"Półki/tacki na dokumenty, dostosowane do dokumentów formatu A4, wykonane z trwałego, przezroczystego akrylu, kolor: przezroczysty/ dymione,  możliwość łączenia w pionie.","09-POLK-001","szt.",200,null,null,23,{"v":0,"d":"0.00"}]
[55,"Przekładki do segregatora, 1/3 A4, mix kolorów, z kartonu o gramaturze min.180g/m2, rozmiar: 240mm (±5mm) x 105mm (±5mm) (op. - 100 szt.)","09-PRZE-001","opakowanie",80,null,null,23,{"v":0,"d":"0.00"}]
[56,"Rolka termoczuła biała do terminali i kas o wymiarach szer. 57 mm x dł. 20 m","09-ROLK-011","szt.",1000,null,null,23,{"v":0,"d":"0.00"}]
[58,"Rolka termoczuła biała do terminali i kas, o wymiarach szer. 80 mm x dł. 60 m ","09-ROLK-014","szt.",300,null,null,23,{"v":0,"d":"0.00"}]
[59,"Rozszywacz do wszelkiego rodzaju zszywek. Metalowa konstrukcja, obudowa z trwałego tworzywa.  Różne kolory.","09-ROZS-001","szt.",100,null,null,23,{"v":0,"d":"0.00"}]
[60,"Segregator PVC/ pokryty folią polipropylenową,  do formatu A4/ szerokość grzbietu 50 mm (± 5 mm) z metalową dźwignią, z metalowym okuciem dolnych krawędzi, kieszeń na etykietę opisową","09-SEGR-001","szt.",600,null,null,23,{"v":0,"d":"0.00"}]
[61,"Segregator PVC/ pokryty folią polipropylenową,  do formatu A4/ szerokość grzbietu 70 mm (± 5 mm) z metalową dźwignią, z metalowym okuciem dolnych krawędzi, kieszeń na etykietę opisową","09-SEGR-002","szt.",1700,null,null,23,{"v":0,"d":"0.00"}]
[62,"Skoroszyt A4 plastikowy, bez zawieszki, wykonany z PCV, z papierowym wysuwanym paskiem opisowym, przednia okładka przezroczysta, tylna okładka kolorowa, różne kolory  ","09-SKOR-001","szt.",800,null,null,23,{"v":0,"d":"0.00"}]
[63,"Skoroszyt A4 plastikowy, boczna perforacja umożliwiająca wpinanie do segregatora,  wykonany z PCV, z papierowym wysuwanym paskiem opisowym, przednia okładka przezroczysta, tylna okładka kolorowa, różne kolory  ","09-SKOR-005","szt.",1800,null,null,23,{"v":0,"d":"0.00"}]
[64,"Skoroszyt tekturowy A4, biały, karton o min. gramaturze 250 g/m2 , z zawieszką metalową , wzmocniony grzebiet","09-SKOR-003","szt.",200,null,null,23,{"v":0,"d":"0.00"}]
[65,"Skoroszyt tekturowy A4, biały, karton o min. gramaturze 250 g/m2 ,wewnątrz metalowy wąs, wzmocniony grzebiet","09-SKOR-006","szt.",1000,null,null,23,{"v":0,"d":"0.00"}]
[66,"Skoroszyt tekturowy A4, biały, wiązany ,karton o min. gramaturze 250g/m2, wzmocniony grzbiet ","09-SKOR-002","szt.",500,null,null,23,{"$f":"ROUND(G68*H68/100,2)+G68","v":{"v":0,"d":"0.00"}}]
[67,"Spinacz biurowy okrągły 25-28 mm, metalowy, sprężysty, galwanizowany, trwały, (op.-100 szt.)","09-SPIN-001","opakowanie",700,null,null,23,{"v":0,"d":"0.00"}]
[68,"Spinacz biurowy okrągły 50 mm, metalowy, sprężysty, galwanizowany, trwały, (op.-100 szt. )","09-SPIN-003","opakowanie",200,null,null,23,{"v":0,"d":"0.00"}]
[69,"Taśma dwustronnie klejąca, szer. 50mm (±5mm), pokryta obustronnie emulsyjnym klejem akrylowym i dodatkowo zabezpieczona warstwą papieru, długość na rolce min. 25 m.","09-TASM-007","szt.",120,null,null,23,{"v":0,"d":"0.00"}]
[70,"Taśma klejąca biurowa przezroczysta, szer. 16 mm (±4mm) wykonana z polipropylenu, pokryta klejem akrylowym, nie żółknie, nie odkleja się, długość na rolce min. 30 m","09-TASM-001","szt.",300,null,null,23,{"v":0,"d":"0.00"}]
[71,"Taśma klejąca pakowa, foliowa, przezroczysta o wysokiej odporności na zrywanie, szer. 48 mm (±5mm), długość na rolce min. 60 m","09-TASM-005","szt.",200,null,null,23,{"v":0,"d":"0.00"}]
[72,"Taśma klejąca pakowa, folia brązowa, szer. 50mm (±5mm) z kauczukowym klejem syntetycznym, długość na rolce min. 60m","09-TASM-002","szt.",120,null,null,23,{"v":0,"d":"0.00"}]
[73,"Teczka  tekturowa z gumką A4, 3 skrzydła wewnętrzne chroniące zawartość przed wysunięceiem, tektura o gramaturze min. 250g/m2, jednostronnie barwione, różne kolory","09-TECZ-002","szt.",2500,null,null,23,{"v":0,"d":"0.00"}]
[74,"Teczka wiązana tekturowa A4 biała, tektura o gramaturze min. 250g/m2, wzmocniony grzbiet, jednostronnie barwione, 3 skrzydła wewnętrzne chroniące zawartość przed wysunięciem","09-TECZ-003","szt.",1000,null,null,23,{"v":0,"d":"0.00"}]
[75,"Teczka 3 skrzydłowa z min. 2 rzepami, grubość tektury min. 2 mm, format A4, jednostronne barwione i oklejane folią PP, szerokość grzbietu 40 mm (±4 mm)","09-TECZ-006","szt.",100,null,null,23,{"v":0,"d":"0.00"}]
[76,"Teczka A4 do podpisu wykonana z tektury oblewanej skóropodobnym winylem o wysokiej jakości, grzbiet harmonijkowy, wyposażona w 10  sztywnych przegródek (kart wewnętrznych)","09-TECZ-005","szt.",2,null,null,23,{"v":0,"d":"0.00"}]
[77,"Teczka plastikowa A4 z gumką, sztywna, wykonana z propylenu. Teczka trzyskrzydłowa z gumkami na dwóch rogach. Przód przeźroczysty twardy, tył kolorowy twardy","09-TECZ-004","szt.",700,null,null,23,{"v":0,"d":"0.00"}]
[78,"Teczka plastikowa A4 wiązana, sztywna, wykonana z PVC, wewnątrz trzy plastikowe zakładki, tasiemki do wiązania przymocowane do okładki. Przód przeźroczysty twardy, tył kolorowy twardy ","09-TECZ-001","szt.",500,null,null,23,{"v":0,"d":"0.00"}]
[79,"Temperówka metalowa, jednootworowa, ostrze precyzyjnie połączone z obudową zapewnia idealnie centralne położenie ołówka podczas temperowania, do ołówków i kredek tradycyjnych","09-TEMP-001","szt.",30,null,null,23,{"v":0,"d":"0.00"}]
[80,"Tusz bezolejowy, wodny do znakowania dokumentów, do stempli ręcznych i samotuszujących, poj. min. 25 ml (kolor tuszu czerwony, czarny - wg potrzeb)","09-TUSZ-004","szt.",120,null,null,23,{"v":0,"d":"0.00"}]
[81,"Zakładka indeksująca papierowa  wym. 20x50 mm (± 2 mm), samoprzylepna, min. 4 kolory fluorescencyjne x 50 szt. w zestawie","09-ZAKŁ-001","zestaw",100,null,null,23,{"v":0,"d":"0.00"}]
[82,"Zakładki indeksujące foliowe wym. 45 x 12 (± 2mm), mimimum 5 kolorów x 25 szt. w zestawie, kolor na całej długości, stabilny klej umożliwia wielokrotne przyklejanie i odklejanie zakładki, nie niszczy powierzchni.","09-ZAKŁ-002","szt.",100,null,null,23,{"v":0,"d":"0.00"}]
[83,"Zakreślacz fluorescencyjny, tusz na bazie wody, ścięta końcówka, grubość linii pisania 1-5mm, szeroka gama kolorów, wg potrzeb","09-ZAKR-001","szt.",800,null,null,23,{"v":0,"d":"0.00"}]
[84,"Zeszyt 192-200 kartkowy w kratkę, A4, okładka twarda z połyskiem, oprawa introligatorska, okładka - kolorowe wzornictwo, papier min. 60 g/m2","09-ZESZ-002","szt.",30,null,null,23,{"v":0,"d":"0.00"}]
[85,"Zeszyt 32 karkowy, w kratkę, A5, okładka z połyskiem, okładka - kolorowe wzornictwo, papier min. 60 g/m2","09-ZESZ-007","szt.",50,null,null,23,{"v":0,"d":"0.00"}]
[86,"Zeszyt 60 kartkowy w kratkę, A5, okładka z połyskiem, okładka - kolorowe wzornictwo, papier min. 60 g/m2","09-ZESZ-009","szt.",300,null,null,23,{"v":0,"d":"0.00"}]
[87,"Zeszyt 96 kartkowy w kratkę, A4, miękka oprawa, okładka z połyskiem, okładka - kolorowe wzornictwo, papier min. 60 g/m2","09-ZESZ-010","szt.",100,null,null,23,{"v":0,"d":"0.00"}]
[88,"Zeszyt 96 kartkowy w kratkę, A4, szyta twarda oprawa introligatorska, okładka z połyskiem, okładka - kolorowe wzornictwo, papier min. 60 g/m2","09-ZESZ-003","szt.",100,null,null,23,{"v":0,"d":"0.00"}]
[89,"Zeszyt 16 karkowy, w kratkę, A5, okładka z połyskiem, okładka - kolorowe wzornictwo, papier min. 60 g/m2","09-ZESZ-005","szt.",100,null,null,23,{"v":0,"d":"0.00"}]
[90,"Zeszyt 96 kartkowy w kratkę, A5, miękka oprawa, okładka z połyskiem, okładka - kolorowe wzornictwo, papier min. 60 g/m2","09-ZESZ-001","szt.",100,null,null,23,{"v":0,"d":"0.00"}]
[91,"Zszywacz metalowy,, zszywa do 100 kartek, głębokość wsuwania kartek: min. 50 mm, ilość zszywek w magazynku min: 60, na zszywki 23/13; 23/15","09-ZSZY-008","szt.",30,null,null,23,{"v":0,"d":"0.00"}]
[92,"Zszywacz metalowy, zszywa do 40 kartek, głębokość wsuwania kartek: min. 50 mm, ilość zszywek w magazynku min: 60, na zszywki 24/6; 26/6","09-ZSZYW-006","szt.",200,null,null,23,{"v":0,"d":"0.00"}]
[93,"Zszywki 23 mm/13 mm, lub 23 mm/15 mm (op. - 1.000 staplerów)","09-ZSZYW-001","opakowanie",50,null,null,23,{"v":0,"d":"0.00"}]
[94,"Zszywki 24 mm/6 mm lub 26 mm/6 mm (op. - 1.000 staplerów)","09-ZSZYW-004","opakowanie",1500,null,null,23,{"v":0,"d":"0.00"}]
[95,"Zwilżacz wodny do palców, posiada gąbkę do nasączania wodą","09-ZWIL-001","szt.",10,null,null,23,{"v":0,"d":"0.00"}]
[]
["wartość:",{"$nulls":5},{"$f":"SUM(G4:G97)","v":{"v":0,"d":"0.00"}},null,{"$f":"SUM(I4:I97)","v":{"v":0,"d":"0.00"}}]
[]
["Wypełniając wersję elektroniczną w rubryce stawka podatku VAT% należy wpisać tylko cyfrę np.: 23."]
[]
[{"$nulls":8},"            ……………………………………………"]
[{"$nulls":8},"Data i podpis"]

{"sheet":"Pakiet 1","index":1,"n_rows":103,"n_cols":11,"rows_kept":103,"merged":[[0,0,0,10],[1,0,1,10],[97,0,97,5],[99,0,99,8]]}
["Załącznik nr 1.1 - Formularz cenowy"]
["Nazwa i nr sprawy: artykułu biurowe "]
["Lp.","OPIS PRZEDMIOTU ZAMÓWIENIA","Nr nadany przez Zamawiającego","Jednostka miary","Ilość wg jednostki miary","Cena jedn. netto wg jednostki miary","Wartość netto","Stawka podatku VAT %","Wartość brutto ","Nazwa handlowa lub numer katalogowy                PODAJE WYKONAWCA","Nazwa producenta lub dla kogo wypodukowano PODAJE WYKONAWCA"]
[1,"Blok notatnikowy A4/100k kratka, klejony lub szyty po krótkim boku,  okładka tylna z tektury, okładka przednia miękka, gramatura kartek min. 60g/m2","09-BLOK-001","szt.",50,3.74,{"$f":"ROUND(E4*F4,2)","v":{"v":187,"d":"187.00"}},23,{"$f":"ROUND(G4*H4/100,2)+G4","v":230.01}]
[2,"Blok techniczny format A4, biały, 10 kartek o gramaturze min. 170g/m2 ","09-BLOK-002","szt.",20,{"v":2.365,"d":"2.37"},{"$f":"ROUND(E5*F5,2)","v":{"v":47.3,"d":"47.30"}},23,{"$f":"ROUND(G5*H5/100,2)+G5","v":58.18}]
[3,"Cienkopis  linia pisania o grubości 0,4 mm (+/-0,05 mm), ergonomiczny sześciokątny kształt, odporny na wysychanie, kolory tuszu:  czarny","09-CIEN-003","szt.",120,{"v":0.539,"d":"0.54"},64.68,23,79.56]
[4,"Cienkopis  linia pisania o grubości 0,4 mm (+/-0,05 mm), ergonomiczny sześciokątny kształt, odporny na wysychanie, kolory tuszu:  czerwony","09-CIEN-004","szt.",120,{"v":0.539,"d":"0.54"},64.68,23,79.56]
[5,"Cienkopis  linia pisania o grubości 0,4 mm (+/-0,05 mm), ergonomiczny sześciokątny kształt, odporny na wysychanie, kolory tuszu:  niebieski","09-CIEN-005","szt.",500,{"v":0.539,"d":"0.54"},{"v":269.5,"d":"269.50"},23,331.49]
[6,"Datownik samotuszujący, wysokość liter/cyfr - 4 mm (+1 mm), wersja polska, data: dd-mm-rrrr","09-DATO-001","szt.",30,{"v":9.350000000000001,"d":"9.35"},{"v":280.5,"d":"280.50"},23,345.02]
[7,"Deska /podkładka z PVC, format A4, sztywna podkładka do pisania ze sprężystym mechanizmem zaciskowym służącym do przytrzymywania papieru, rózne kolory","09-PODKL-001","szt.",200,{"v":4.8180000000000005,"d":"4.82"},{"v":963.6,"d":"963.60"},23,{"v":1185.23,"d":"1,185.23"}]
[8,"Długopis ze skuwką,/nasadką  metalową końcówką,  z wymiennym wkładem niebieski","09-DLUG-001","szt.",3000,{"v":0.48400000000000004,"d":"0.48"},{"v":1452,"d":"1,452.00"},23,{"v":1785.96,"d":"1,785.96"}]
[9,"Długopis ze skuwką,/nasadką  metalową końcówką,  z wymiennym wkładem czerwony","09-DLUG-003","szt.",200,{"v":0.48400000000000004,"d":"0.48"},{"v":96.8,"d":"96.80"},23,119.06]
[10,"Długopis ze skuwką,/nasadką  metalową końcówką,  z wymiennym wkładem czarny","09-DLUG-006","szt.",150,{"v":0.48400000000000004,"d":"0.48"},{"v":72.6,"d":"72.60"},23,{"v":89.3,"d":"89.30"}]
[11,"Dziennik korespondencyjny format A4, twarda oprawa, szyty, 96 kartek, gramatura papieru min. 60 g/m2","14-KSIĄŻ-011","szt.",20,{"v":21.659000000000002,"d":"21.66"},433.18,23,532.81]
[12,"Dziurkacz (dziurkuje do 40 kartek), metalowa obudowa, metalowy mechanizm, ogranicznik formatu min: A4/A5, (2 lata gwarancji)","09-DZIUR-001","szt.",50,{"v":15.994,"d":"15.99"},{"v":799.7,"d":"799.70"},23,{"v":983.6300000000001,"d":"983.63"}]
[13,"Dziurkacz metalowy archiwizacyjny (dziurkuje do 100 kartek), podstawa i dźwignia metalowa, blokada położenia dźwigni, listwa formatowa, ogranicznik formatu min: A4/A5, (2 lata gwarancji) ","09-DZIU-002","szt.",15,{"v":116.94100000000002,"d":"116.94"},{"v":1754.12,"d":"1,754.12"},23,{"v":2157.5699999999997,"d":"2,157.57"}]
[14,"Folia do laminowania A3  303 x 426 mm (±1 mm), o grubości 75-80 micronów,  antystatyczna (op. - 100 szt.)","09-FOLI-005","opakowanie",10,{"v":54.120000000000005,"d":"54.12"},{"v":541.2,"d":"541.20"},23,{"v":665.6800000000001,"d":"665.68"}]
[15,"Folia do laminowania A4 216 x 303 mm (±1 mm), o grubości 75-80 micronów,  antystatyczna (op. - 100 szt.)","09-FOLI-001","opakowanie",50,{"v":27.720000000000002,"d":"27.72"},{"v":1386,"d":"1,386.00"},23,{"v":1704.78,"d":"1,704.78"}]
[16,"Foliopis permanentny do pisania po folii, papierze fotograficznym, szkle, CD/DVD, grubość linii pisania 0,4-1 mm (wg potrzeb), 4 kolory pisania: niebieski, czarny, zielony, czerwony- wg potrzeb","09-FOLI-010","szt.",500,{"v":1.1330000000000002,"d":"1.13"},{"v":566.5,"d":"566.50"},23,{"v":696.8,"d":"696.80"}]
[17,"Gazetownik plastikowy, wymiary: 70(85)x315x240(245)mm, różne kolory ","09-GAZE-001","szt.",40,{"v":19.745,"d":"19.75"},{"v":789.8,"d":"789.80"},23,{"v":971.4499999999999,"d":"971.45"}]
[18,"Gąbka do tablicy suchościeralnej magnetyczna 90 x 60 x 20 mm,  + 20 mm","09-GABK-001","szt.",30,{"v":5.8740000000000006,"d":"5.87"},176.22,23,216.75]
[19,"Gumka do ścierania o wymiarach nie mniejszych niż 40x20x10 mm, miękka, nie niszczy ścieranej powierzchni.","09-GUMK-001","szt.",100,{"v":0.5060000000000001,"d":"0.51"},{"v":50.6,"d":"50.60"},23,62.24]
[20,"Kalkulator - dodawanie, odejmowanie, mnożenie, dzielenie, obliczanie pierwiastków, procentów,  klawisz zmiany znaków, dodawanie liczby do pamięci. Duże przyciski numeryczne . Wyświetlacz: min. 10-cyfrowy, biały (szary) z czarnymi cyframi.  Podwójne zasilanie: solar i bateria. Wielkość kalkulatora maksymalnie 150 x 130 mm.","09-KALKU-001","szt.",20,{"v":23.606,"d":"23.61"},472.12,23,580.71]
[21,"Klej biurowy w sztyfcie min. 20 g, do papieru, tektury, fotografii, tekstyliów, bez rozpuszczalników","09-KLEJ-001","szt.",120,0.77,{"v":92.4,"d":"92.40"},23,113.65]
[22,"Klipy biurowe 32 mm o wysokiej trwałości, galwanizowane, kolor czarny, (op.-12szt.)","09-KLIP-002","opakowanie",100,{"v":2.431,"d":"2.43"},{"v":243.1,"d":"243.10"},23,299.01]
[23,"Klipy biurowe 50-51mm o wysokiej trwałości, galwanizowane, kolor czarny, (op.-12szt.)","09-KLIP-001","opakowanie",50,{"v":5.654,"d":"5.65"},{"v":282.7,"d":"282.70"},23,{"v":347.71999999999997,"d":"347.72"}]
[24,"Koperta B5 szare/brązowe, wymiary 176x250mm, samoklejąca, gramatura min. 90g/m2  (opakowanie - 500 szt.)","09-KOPE-022","opakowanie",100,{"v":59.554,"d":"59.55"},{"v":5955.4,"d":"5,955.40"},23,{"v":7325.139999999999,"d":"7,325.14"}]
[25,"Koperta bąbelkowa/air, wymiary wewnętrzne. min.180x260 mm (±2) / zewnętrzne max. 200 x 275 mm (±2), gramatura min. 80g/m2,  samoklejąca","09-KOPE-015","szt.",700,{"v":0.649,"d":"0.65"},{"v":454.3,"d":"454.30"},23,558.79]
[26,"Koperta bąbelkowa/air, wymiary wewnętrzne. min.270x360 mm (±2) / zewnętrzne max. 290 x 370 mm (±2), gramatura min. 80g/m2,  samoklejąca","09-KOPE016","szt.",400,{"v":1.342,"d":"1.34"},{"v":536.8,"d":"536.80"},23,660.26]
[27,"Koperta C4 szare/brązowe, wymiary: 229x324mm (±2 mm), samoklejąca, gramatura min. 90g/m2 (opakowanie - 250 szt.)","09-KOPE-028","opakowanie",30,{"v":48.730000000000004,"d":"48.73"},{"v":1461.9,"d":"1,461.90"},23,{"v":1798.14,"d":"1,798.14"}]
[28,"Koperta C6  białe, wymiary 114x162mm (±2 mm), samoklejąca, gramatura min. 75g/m2,  (opakowanie - 1000 szt.)","09-KOPE-026","opakowanie",12,{"v":58.476,"d":"58.48"},701.71,23,{"v":863.1,"d":"863.10"}]
[29,"Koperta C4 z szerokim grzbietem szara/brązowa C4 RBD HK 229x324x40 mm  (± 3 mm), samoklejąca, gramatura min. 130g/m2","09-KOPE-016","szt.",3800,{"v":0.8690000000000001,"d":"0.87"},{"v":3302.2,"d":"3,302.20"},23,{"v":4061.71,"d":"4,061.71"}]
[30,"Koperty B4 białe, wymiary 250x353mm (±2 mm), samoklejące, gramatura 100g/m2    (opakowanie - 250 szt.)","09-KOPE-021","opakowanie",20,{"v":64.96600000000001,"d":"64.97"},{"v":1299.32,"d":"1,299.32"},23,{"v":1598.1599999999999,"d":"1,598.16"}]
[31,"Korektor taśmowy jednorazowy, szer.5 mm (±1 mm), długość nie mniej niż 8 m ","09-KORE-002","szt.",250,{"v":1.9580000000000002,"d":"1.96"},{"v":489.5,"d":"489.50"},23,602.09]
[32,"Korektor typu \"pędzelek\" poj. 20 ml (±5 ml) z  pędzelkiem, bez rozpuszczalników, szybkoschnący","09-KORE-003","szt.",80,{"v":1.606,"d":"1.61"},128.48,23,158.03]
[33,"Korektor typu \"pisak\" poj. 7 ml (±2 ml)","09-KORE-004","szt.",100,{"v":1.7490000000000003,"d":"1.75"},{"v":174.9,"d":"174.90"},23,215.13]
[34,"Koszulka A4 z klapką wzdłuż dłuższego boku, krystaliczna folia PVC o grubości min. 100 mikronów, na dużą ilość dokumentów w formacie A4, klapka umożliwia wkładanie i wyjmowanie dokumentów, dodatkowo zabezpiecza przechowywane dokumenty; antystatyczna, wzmocniony pasek z uniwersalną perforacją; (1 opakowanie = 10 szt.)","09-KOSZ-003","opakowanie",10,{"v":6.501,"d":"6.50"},65.01,23,{"v":79.96000000000001,"d":"79.96"}]
[35,"Koszulki foliowe A4, gładkie lustrzane, grubość min. 55µm, standard (op. - 100 sztuk)","09-KOSZ_001","opakowanie",800,{"v":10.153,"d":"10.15"},{"v":8122.4,"d":"8,122.40"},23,{"v":9990.55,"d":"9,990.55"}]
[36,"Koszulki foliowe A5 , gładkie lustrzane, grubość min. 55µm, standard (op. - 100 sztuk)","09-KOSZ003","opakowanie",10,{"v":6.6000000000000005,"d":"6.60"},{"v":66,"d":"66.00"},23,81.18]
[37,"Koszulki na płyty CD, DVD wykonane z mocnego ,trwałego tworzywa, kieszeń wykonana z wytrzymałego polipropylenu ze specjalną powłoką ochroną, bardzo wytrzymała z możliwością wpięcia kieszeni do segregatora, z miejscem na opis;\nKieszeń  do przechowywania 1 płyty CD/DVD ","09-KOSZ-005","szt.",10,{"v":0.341,"d":"0.34"},3.41,23,4.19]
[38,"Linijka 30 cm, plastikowa, przezroczysta, bezbarwna.","09-LINI-001","szt.",80,{"v":0.7040000000000001,"d":"0.70"},56.32,23,69.27]
[39,"Magnesy do tablicy,  okragłe o średnicy 20-30 mm, mix kolorów, opakowanie -10 szt.","09-MAGN-001","opakowanie",50,{"v":6.655,"d":"6.66"},332.75,23,409.28]
[40,"Marker do tablicy suchościeralnej, okrągła końcówka, grubość linii pisania 1-3 mm, długość linii pisania co najmniej 1000 m, nie pozostawia śladów na tablicy po starciu, mix kolorów","09-PISA-004","szt.",150,{"v":1.089,"d":"1.09"},163.35,23,200.92]
[41,"Marker olejny. Tusz olejowy do znakowania wszystkich powierzchni szorstkich i gładkich, wodoodporny, nie traci koloru, odporny na ścieranie, różne kolory, okrągła końcówka, grubość linii pisania 2-2.5 mm.","09-MARK-001","szt.",80,{"v":4.125,"d":"4.13"},{"v":330,"d":"330.00"},23,{"v":405.9,"d":"405.90"}]
[42,"Marker wodoodporny, czarny ze ściętą końcówką,  grubość linii pisania 1-5 mm","09-MARK-003","szt.",3000,{"v":0.781,"d":"0.78"},{"v":2343,"d":"2,343.00"},23,{"v":2881.89,"d":"2,881.89"}]
[43,"Marker wodoodporny, czerwony ze ściętą końcówką, grubość linii pisania 1-5 mm","09-MARK-006","szt.",500,{"v":0.781,"d":"0.78"},{"v":390.5,"d":"390.50"},23,480.32]
[44,"Marker wodoodporny, czarny z końcówką okrągłą, grubość linii pisania 1-3 mm","09-MARK-005","szt.",500,{"v":0.781,"d":"0.78"},{"v":390.5,"d":"390.50"},23,480.32]
[45,"Marker  wodoodporny do tkanin, czarny, grubość linii pisania 2 mm","09-MARK-004   ","szt.",30,{"v":9.746,"d":"9.75"},292.38,23,359.63]
[46,"Notes samoprzylepny kolorowy o wymiarach 50 x 50 mm (±5 mm), nie mniej niż 250 kartek","09-NOTE-001","szt.",300,{"v":4.4,"d":"4.40"},{"v":1320,"d":"1,320.00"},23,{"v":1623.6,"d":"1,623.60"}]
[47,"Nożyczki biurowe 16 cm (±1 cm) wykonane z nierdzewnej stali, uchwyt z tworzywa sztucznego odpornego na peknięcia","09-NOZY-003","szt.",120,{"v":2.3540000000000005,"d":"2.35"},282.48,23,{"v":347.45000000000005,"d":"347.45"}]
[48,"Nożyczki biurowe 21 cm (±1 cm) wykonane z nierdzewnej stali, uchwyt z tworzywa sztucznego odpornego na peknięcia","09-NOZY-002","szt.",60,{"v":3.4100000000000006,"d":"3.41"},{"v":204.6,"d":"204.60"},23,251.66]
[49,"Obwoluta sztywna A4 (ofertówka);  przód i tył koszulki wykonany z mocnej folii PVC, krystalicznie przezroczystej o grubości min. 150 mikronów. Zgrzew w kształcie litery \"L\" bez wpięcia; przeznaczona na dokumenty formatu A4","09-OBWO-001","szt.",400,{"v":0.7040000000000001,"d":"0.70"},{"v":281.6,"d":"281.60"},23,346.37]
[50,"Okładka do bindowania, foliowa przeźroczysta A4 (op.- 100 szt.)","09-OKŁA-001","opakowanie",5,{"v":27.291,"d":"27.29"},136.46,23,{"v":167.85000000000002,"d":"167.85"}]
[51,"Okładka do bindowania, kartonowa, kolor: niebieski, rozm. A4, gramatura min 250g/m2  (op. - 100 szt.)","09-OKŁA-002  ","opakowanie",8,{"v":27.291,"d":"27.29"},218.33,23,268.55]
[52,"Ołówki  HB  z gumką, dł.17,5 cm (±1 cm)","09-OLOW-001","szt.",700,{"v":0.28600000000000003,"d":"0.29"},{"v":200.2,"d":"200.20"},23,246.25]
[53,"Pinezki biurowe tablicowe, kolorowe, w formie beczułki, do tablic korkowych (op.-min. 50 szt.)","09-PINE-001","opakowanie",20,{"v":2.618,"d":"2.62"},52.36,23,{"v":64.4,"d":"64.40"}]
[54,"Półki/tacki na dokumenty, dostosowane do dokumentów formatu A4, wykonane z trwałego, przezroczystego akrylu, kolor: przezroczysty/ dymione,  możliwość łączenia w pionie.","09-POLK-001","szt.",200,{"v":5.841,"d":"5.84"},{"v":1168.2,"d":"1,168.20"},23,{"v":1436.89,"d":"1,436.89"}]
[55,"Przekładki do segregatora, 1/3 A4, mix kolorów, z kartonu o gramaturze min.180g/m2, rozmiar: 240mm (±5mm) x 105mm (±5mm) (op. - 100 szt.)","09-PRZE-001","opakowanie",80,{"v":7.590000000000001,"d":"7.59"},{"v":607.2,"d":"607.20"},23,746.86]
[56,"Rolka termoczuła biała do terminali i kas o wymiarach szer. 57 mm x dł. 20 m","09-ROLK-011","szt.",750,{"v":1.2210000000000003,"d":"1.22"},915.75,23,{"v":1126.37,"d":"1,126.37"}]
[57,"Rolka termoczuła biała do terminali i kas o wymiarach szer. 57 mm x dł. 80 m","09-ROLK-013","szt.",100,{"v":4.664000000000001,"d":"4.66"},{"v":466.4,"d":"466.40"},23,573.67]
[58,"Rolka termoczuła biała do terminali i kas, o wymiarach szer. 80 mm x dł. 60 m ","09-ROLK-014","szt.",300,{"v":4.554,"d":"4.55"},{"v":1366.2,"d":"1,366.20"},23,{"v":1680.43,"d":"1,680.43"}]
[59,"Rozszywacz do wszelkiego rodzaju zszywek. Metalowa konstrukcja, obudowa z trwałego tworzywa.  Różne kolory.","09-ROZS-001","szt.",100,{"v":1.529,"d":"1.53"},{"v":152.9,"d":"152.90"},23,188.07]
[60,"Segregator PVC/ pokryty folią polipropylenową,  do formatu A4/ szerokość grzbietu 50 mm (± 5 mm) z metalową dźwignią, z metalowym okuciem dolnych krawędzi, kieszeń na etykietę opisową","09-SEGR-001","szt.",600,{"v":6.138000000000001,"d":"6.14"},{"v":3682.8,"d":"3,682.80"},23,{"v":4529.84,"d":"4,529.84"}]
[61,"Segregator PVC/ pokryty folią polipropylenową,  do formatu A4/ szerokość grzbietu 70 mm (± 5 mm) z metalową dźwignią, z metalowym okuciem dolnych krawędzi, kieszeń na etykietę opisową","09-SEGR-002","szt.",1700,{"v":6.138000000000001,"d":"6.14"},{"v":10434.6,"d":"10,434.60"},23,{"v":12834.560000000001,"d":"12,834.56"}]
[62,"Skoroszyt A4 plastikowy, bez zawieszki, wykonany z PCV, z papierowym wysuwanym paskiem opisowym, przednia okładka przezroczysta, tylna okładka kolorowa, różne kolory  ","09-SKOR-001","szt.",800,{"v":0.9790000000000001,"d":"0.98"},{"v":783.2,"d":"783.20"},23,963.34]
[63,"Skoroszyt A4 plastikowy, boczna perforacja umożliwiająca wpinanie do segregatora,  wykonany z PCV, z papierowym wysuwanym paskiem opisowym, przednia okładka przezroczysta, tylna okładka kolorowa, różne kolory  ","09-SKOR-005","szt.",1800,{"v":0.9790000000000001,"d":"0.98"},{"v":1762.2,"d":"1,762.20"},23,{"v":2167.51,"d":"2,167.51"}]
[64,"Skoroszyt tekturowy A4, biały, karton o min. gramaturze 250 g/m2 , z zawieszką metalową , wzmocniony grzebiet","09-SKOR-003","szt.",200,{"v":0.9900000000000001,"d":"0.99"},{"v":198,"d":"198.00"},23,243.54]
[65,"Skoroszyt tekturowy A4, biały, karton o min. gramaturze 250 g/m2 ,wewnątrz metalowy wąs, wzmocniony grzebiet","09-SKOR-006","szt.",1000,{"v":0.9900000000000001,"d":"0.99"},{"v":990,"d":"990.00"},23,{"v":1217.7,"d":"1,217.70"}]
[66,"Skoroszyt tekturowy A4, biały, wiązany ,karton o min. gramaturze 250g/m2, wzmocniony grzbiet ","09-SKOR-002","szt.",500,{"v":0.9900000000000001,"d":"0.99"},{"$f":"ROUND(E69*F69,2)","v":{"v":495,"d":"495.00"}},23,{"$f":"ROUND(G69*H69/100,2)+G69","v":608.85}]
[67,"Spinacz biurowy okrągły 25-28 mm, metalowy, sprężysty, galwanizowany, trwały, (op.-100 szt.)","09-SPIN-001","opakowanie",700,{"v":0.7260000000000001,"d":"0.73"},{"v":508.2,"d":"508.20"},23,625.09]
[68,"Spinacz biurowy okrągły 50 mm, metalowy, sprężysty, galwanizowany, trwały, (op.-100 szt. )","09-SPIN-003","opakowanie",200,{"v":2.0240000000000005,"d":"2.02"},{"v":404.8,"d":"404.80"},23,{"v":497.9,"d":"497.90"}]
[69,"Taśma dwustronnie klejąca, szer. 50mm (±5mm), pokryta obustronnie emulsyjnym klejem akrylowym i dodatkowo zabezpieczona warstwą papieru, długość na rolce min. 25 m.","09-TASM-007","szt.",120,{"v":9.328000000000001,"d":"9.33"},{"v":1119.36,"d":"1,119.36"},23,{"v":1376.81,"d":"1,376.81"}]
[70,"Taśma klejąca biurowa przezroczysta, szer. 16 mm (±4mm) wykonana z polipropylenu, pokryta klejem akrylowym, nie żółknie, nie odkleja się, długość na rolce min. 30 m","09-TASM-001","szt.",300,{"v":0.6930000000000001,"d":"0.69"},{"v":207.9,"d":"207.90"},23,255.72]
[71,"Taśma klejąca pakowa, foliowa, przezroczysta o wysokiej odporności na zrywanie, szer. 48 mm (±5mm), długość na rolce min. 60 m","09-TASM-005","szt.",200,{"v":2.079,"d":"2.08"},{"v":415.8,"d":"415.80"},23,511.43]
[72,"Taśma klejąca pakowa, folia brązowa, szer. 50mm (±5mm) z kauczukowym klejem syntetycznym, długość na rolce min. 60m","09-TASM-002","szt.",120,{"v":2.079,"d":"2.08"},249.48,23,306.86]
[73,"Teczka  tekturowa z gumką A4, 3 skrzydła wewnętrzne chroniące zawartość przed wysunięceiem, tektura o gramaturze min. 250g/m2, jednostronnie barwione, różne kolory","09-TECZ-002","szt.",2500,{"v":1.3860000000000001,"d":"1.39"},{"v":3465,"d":"3,465.00"},23,{"v":4261.95,"d":"4,261.95"}]
[74,"Teczka wiązana tekturowa A4 biała, tektura o gramaturze min. 250g/m2, wzmocniony grzbiet, jednostronnie barwione, 3 skrzydła wewnętrzne chroniące zawartość przed wysunięciem","09-TECZ-003","szt.",1000,{"v":0.8580000000000001,"d":"0.86"},{"v":858,"d":"858.00"},23,{"v":1055.34,"d":"1,055.34"}]
[75,"Teczka 3 skrzydłowa z min. 2 rzepami, grubość tektury min. 2 mm, format A4, dwustronnie barwione i oklejane folią PP, szerokość grzbietu 40 mm (±4 mm)","09-TECZ-006","szt.",100,{"v":8.008000000000001,"d":"8.01"},{"v":800.8,"d":"800.80"},23,984.98]
[76,"Teczka A4 do podpisu wykonana z tektury oblewanej skóropodobnym winylem o wysokiej jakości, grzbiet harmonijkowy, wyposażona w 10  sztywnych przegródek (kart wewnętrznych)","09-TECZ-005","szt.",2,{"v":26.323,"d":"26.32"},52.65,23,{"v":64.75999999999999,"d":"64.76"}]
[77,"Teczka plastikowa A4 z gumką, sztywna, wykonana z propylenu. Teczka trzyskrzydłowa z gumkami na dwóch rogach. Przód przeźroczysty twardy, tył kolorowy twardy","09-TECZ-004","szt.",700,{"v":2.871,"d":"2.87"},{"v":2009.7,"d":"2,009.70"},23,{"v":2471.9300000000003,"d":"2,471.93"}]
[78,"Teczka plastikowa A4 wiązana, sztywna, wykonana z PVC, wewnątrz trzy plastikowe zakładki, tasiemki do wiązania przymocowane do okładki. Przód przeźroczysty twardy, tył kolorowy twardy ","09-TECZ-001","szt.",500,{"v":2.871,"d":"2.87"},{"v":1435.5,"d":"1,435.50"},23,{"v":1765.67,"d":"1,765.67"}]
[79,"Temperówka metalowa, jednootworowa, ostrze precyzyjnie połączone z obudową zapewnia idealnie centralne położenie ołówka podczas temperowania, do ołówków i kredek tradycyjnych","09-TEMP-001","szt.",100,{"v":0.5830000000000001,"d":"0.58"},{"v":58.3,"d":"58.30"},23,71.71]
[80,"Tusz bezolejowy, wodny do znakowania dokumentów, do stempli ręcznych i samotuszujących, poj. min. 25 ml (kolor tuszu czerwony, czarny - wg potrzeb)","09-TUSZ-004","szt.",120,{"v":1.089,"d":"1.09"},130.68,23,160.74]
[81,"Zakładka indeksująca papierowa  wym. 20x50 mm (± 2 mm), samoprzylepna, min. 4 kolory fluorescencyjne x 50 szt. w zestawie","09-ZAKŁ-001","zestaw",100,{"v":1.9580000000000002,"d":"1.96"},{"v":195.8,"d":"195.80"},23,240.83]
[82,"Zakładki indeksujące foliowe wym. 45 x 12 (± 2mm), mimimum 5 kolorów x 25 szt. w zestawie, kolor na całej długości, stabilny klej umożliwia wielokrotne przyklejanie i odklejanie zakładki, nie niszczy powierzchni.","09-ZAKŁ-002","szt.",100,{"v":2.035,"d":"2.04"},{"v":203.5,"d":"203.50"},23,250.31]
[83,"Zakreślacz fluorescencyjny, tusz na bazie wody, ścięta końcówka, grubość linii pisania 1-5mm, szeroka gama kolorów, wg potrzeb","09-ZAKR-001","szt.",800,{"v":0.8360000000000001,"d":"0.84"},{"v":668.8,"d":"668.80"},23,{"v":822.6199999999999,"d":"822.62"}]
[84,"Zeszyt 192-200 kartkowy w kratkę, A4, okładka twarda z połyskiem, oprawa introligatorska, okładka - kolorowe wzornictwo, papier min. 60 g/m2","09-ZESZ-002","szt.",30,{"v":18.975,"d":"18.98"},569.25,23,{"v":700.1800000000001,"d":"700.18"}]
[85,"Zeszyt 32 karkowy, w kratkę, A5, okładka z połyskiem, okładka - kolorowe wzornictwo, papier min. 60 g/m2","09-ZESZ-007","szt.",50,{"v":1.1990000000000003,"d":"1.20"},59.95,23,{"v":73.74000000000001,"d":"73.74"}]
[86,"Zeszyt 60 kartkowy w kratkę, A5, okładka z połyskiem, okładka - kolorowe wzornictwo, papier min. 60 g/m2","09-ZESZ-009","szt.",300,{"v":1.4630000000000003,"d":"1.46"},{"v":438.9,"d":"438.90"},23,539.85]
[87,"Zeszyt 96 kartkowy w kratkę, A4, miękka oprawa, okładka z połyskiem, okładka - kolorowe wzornictwo, papier min. 60 g/m2","09-ZESZ-010","szt.",100,{"v":4.191000000000001,"d":"4.19"},{"v":419.1,"d":"419.10"},23,515.49]
[88,"Zeszyt 96 kartkowy w kratkę, A4, szyta twarda oprawa introligatorska, okładka z połyskiem, okładka - kolorowe wzornictwo, papier min. 60 g/m2","09-ZESZ-003","szt.",100,{"v":6.281000000000001,"d":"6.28"},{"v":628.1,"d":"628.10"},23,{"v":772.5600000000001,"d":"772.56"}]
[89,"Zeszyt 96 kartkowy w kratkę, A5, miękka oprawa, okładka z połyskiem, okładka - kolorowe wzornictwo, papier min. 60 g/m2","09-ZESZ-001","szt.",100,{"v":2.2880000000000003,"d":"2.29"},{"v":228.8,"d":"228.80"},23,281.42]
[90,"Zszywacz metalowy z obudową plastikową, zszywa do 100 kartek, głębokość wsuwania kartek: min. 50 mm, ilość zszywek w magazynku min: 60, na zszywki 23/13; 23/15","09-ZSZY-008","szt.",30,{"v":38.775000000000006,"d":"38.78"},{"v":1163.25,"d":"1,163.25"},23,{"v":1430.8,"d":"1,430.80"}]
[91,"Zszywacz metalowy z obudową plastikową, zszywa do 40 kartek, głębokość wsuwania kartek: min. 50 mm, ilość zszywek w magazynku min: 60, na zszywki 24/6; 26/6","09-ZSZYW-006","szt.",200,{"v":10.329,"d":"10.33"},{"v":2065.8,"d":"2,065.80"},23,{"v":2540.9300000000003,"d":"2,540.93"}]
[92,"Zszywki 23 mm/13 mm, lub 23 mm/15 mm  (op. - 1.000 staplerów)","09-ZSZYW-001","opakowanie",50,{"v":2.728,"d":"2.73"},{"v":136.4,"d":"136.40"},23,167.77]
[93,"Zszywki 24 mm/6 mm lub 26 mm/6 mm (op. - 1.000 staplerów)","09-ZSZYW-004","opakowanie",1500,{"v":0.803,"d":"0.80"},{"v":1204.5,"d":"1,204.50"},23,{"v":1481.54,"d":"1,481.54"}]
[]
["wartość:",{"$nulls":5},{"$f":"SUM(G4:G96)","v":{"v":83563.22999999998,"d":"83,563.23"}},null,{"$f":"SUM(I4:I96)","v":{"v":102782.81999999995,"d":"102,782.82"}}]
[]
["Wypełniając wersję elektroniczną w rubryce stawka podatku VAT% należy wpisać tylko cyfrę np.: 23."]
[]
[{"$nulls":8},"            ……………………………………………"]
[{"$nulls":8},"Data i podpis"]

{"sheet":"Pakiet 2","index":2,"n_rows":12,"n_cols":11,"rows_kept":12,"merged":[[0,0,0,10],[1,0,1,10],[6,0,6,5],[8,0,8,8]]}
["Załącznik nr 1.2 - Formularz cenowy"]
["Nazwa i nr sprawy: papier"]
["Lp.","OPIS PRZEDMIOTU ZAMÓWIENIA","Nr nadany przez Zamawiającego","Jednostka miary","Ilość wg jednostki miary","Cena jedn. netto wg jednostki miary","Wartość netto","Stawka podatku VAT %","Wartość brutto ","Nazwa handlowa lub numer katalogowy                PODAJE WYKONAWCA","Nazwa producenta lub dla kogo wypodukowano PODAJE WYKONAWCA"]
[1,"Papier biały format A4 przeznaczony do wydruków czarno-białych, kolorowych, kopiowania. Min. Klasa C, gramatura 80g/m2. Białość min. CIE 153, ryza-500 ark.","09-PAPI-006","ryza",8500,{"v":22.330000000000002,"d":"22.33"},{"$f":"ROUND(E4*F4,2)","v":{"v":189805,"d":"189,805.00"}},23,{"$f":"ROUND(G4*H4/100,2)+G4","v":{"v":233460.15,"d":"233,460.15"}}]
[2,"Papier biały format A3 przeznaczony do wydruków czarno-białych, kolorowych, kopiowania. Min. Klasa C, gramatura 80g/m2. Białość min. CIE 153, ryza-500 ark.","09-PAPI-005","ryza",150,{"v":46.2,"d":"46.20"},{"v":6930,"d":"6,930.00"},23,{"v":8523.9,"d":"8,523.90"}]
[]
["wartość:",{"$nulls":5},{"$f":"SUM(G4:G5)","v":{"v":196735,"d":"196,735.00"}},null,{"$f":"SUM(I4:I5)","v":{"v":241984.05,"d":"241,984.05"}}]
[]
["Wypełniając wersję elektroniczną w rubryce stawka podatku VAT% należy wpisać tylko cyfrę np.: 23."]
[]
[{"$nulls":8},"            ……………………………………………"]
[{"$nulls":8},"Data i podpis"]

{"sheet":"Pakiet 3","index":3,"n_rows":15,"n_cols":11,"rows_kept":15,"merged":[[0,0,0,10],[1,0,1,10],[9,0,9,5],[11,0,11,8]]}
["Załącznik nr 1.3 - Formularz cenowy"]
["Nazwa i nr sprawy: etykiety "]
["Lp.","OPIS PRZEDMIOTU ZAMÓWIENIA","Nr nadany przez Zamawiającego","Jednostka miary","Ilość wg jednostki miary","Cena jedn. netto wg jednostki miary","Wartość netto","Stawka podatku VAT %","Wartość brutto ","Nazwa handlowa lub numer katalogowy                PODAJE WYKONAWCA","Nazwa producenta lub dla kogo wypodukowano PODAJE WYKONAWCA"]
[1,"Etykieta termiczna biała samoprzylepna o wymiarach 50x25 mm na rolce, max. 1000 etykiet.  Rodzaj kleju-permanentny. Proszę podać cenę za 1000 etykiet. Średnica gilzy 40 mm.","09-ETYK-004","rolka/1000 etykiet",400,7.15,{"$f":"ROUND(E4*F4,2)","v":{"v":2860,"d":"2,860.00"}},23,{"$f":"ROUND(G4*H4/100,2)+G4","v":{"v":3517.8,"d":"3,517.80"}}]
[2,"Etykieta termiczna żółta samoprzylepna o wymiarach 50x25 mm na rolce, max. 1000 etykiet.  Rodzaj kleju-permanentny. Proszę podać cenę za 1000 etykiet. Średnica gilzy 40 mm.","09-ETYK-005","rolka/1000 etykiet",150,9.13,{"v":1369.5,"d":"1,369.50"},23,{"v":1684.49,"d":"1,684.49"}]
[3,"Etykieta termiczna biała samoprzylepna o wymiarach 100x150 mm na rolce, max. 2000 etykiet.  Rodzaj kleju-permanentny. Proszę podać cenę za 1000 etykiet. Średnica gilzy 40 mm.","09-ETYK-011","rolka/1000 etykiet",10,{"v":53.900000000000006,"d":"53.90"},{"v":539,"d":"539.00"},23,{"$f":"ROUND(G6*H6/100,2)+G6","v":662.97}]
[4,"Etykieta biała samoprzylepna termotransferowa 100x100 mm na rolce 500-700 etykiet. Rodzaj kleju-permanentny. Proszę podać cenę za 1000 etykiet. Średnica gilzy 40 mm.","09-ETYK-012","rolka/1000 etykiet",10,{"v":31.900000000000002,"d":"31.90"},{"v":319,"d":"319.00"},23,392.37]
[5,"Etykieta biała samoprzylepna termotransferowa 25x40 mm, dwa rzędy na rolce, ustawienie pionowe etykiet, klej permanentny, max. ilość etykiet na rolce 8000 szt. Średnica gilzy 76 mm","09-ETYK-015","rolka/8000 etykiet",60,101.86,{"v":6111.6,"d":"6,111.60"},23,{"$f":"ROUND(G8*H8/100,2)+G8","v":{"v":7517.27,"d":"7,517.27"}}]
[]
["wartość:",{"$nulls":5},{"$f":"SUM(G4:G8)","v":{"v":11199.1,"d":"11,199.10"}},null,{"$f":"SUM(I4:I8)","v":{"v":13774.900000000001,"d":"13,774.90"}}]
[]
["Wypełniając wersję elektroniczną w rubryce stawka podatku VAT% należy wpisać tylko cyfrę np.: 23."]
[]
[{"$nulls":8},"            ……………………………………………"]
[{"$nulls":8},"Data i podpis"]